The 100 Personnages - Statistiques

Statistiques générales
  • Ce quiz a été pris 1 020 fois
  • Le résultat moyen est 13 sur 30
Statistiques - réponses
Acteurs Réponse % Correct
Bob Morley Bellamy Blake
96%
Eliza Taylor Clarke Griffin
96%
Marie Avgeropoulos Octavia Blake
93%
Alycia Debnam-Carey Lexa
83%
Richard Harmon John Murphy
77%
Lindsey Morgan Raven Reyes
71%
Ricky Whittle Lincoln
58%
Tasya Teles Echo
56%
Adina Porter Indra
55%
Isaiah Washington Theleonious Jaha
55%
Henry Ian Cusick Marcus Kane
51%
Luisa D'Oliveira Emori
49%
Paige Turco Abigail Griffin
45%
Christopher Larkin Monty Green
42%
Devon Bostick Jasper Jordan
41%
Lola Flanery Madi Griffin
41%
Tati Gabrielle Gaia
31%
Shannon Kook Jordan Green
28%
Thomas McDonell Finn Collins
24%
Nadia Hilker Luna
24%
Jessica Harmon Niylah
23%
Jarod Joseph Nathan Miller
21%
Eli Goree Wells Jaha
17%
Erica Cerra Becca
16%
Chelsey Reist Harper McIntyre
15%
Dichen Lachman Anya
12%
Rhiannon Fishe Ontarie
12%
Michael Beach Charles Pike
9%
Chai Hansen Ilian
6%
Alessandro Juliani Jacopo Sinclair
6%
Aucun quiz correspondant
Distribution des résultats
% des personnes avec chaque résultat
Percentile par nombre de réponses
Votre historique - résultats
Vous n’avez pas pris ce quiz